Interest/ (Record no. 194950)

MARC details
000 -LEADER
fixed length control field 00565nam a22001817a 4500
005 - DATE AND TIME OF LATEST TRANSACTION
control field 20230202112717.0
010 ## - LCCN (DPL NO)
LC control number ENG-136103
020 ## - INTERNATIONAL STANDARD BOOK NUMBER
Terms of availability 172.00
035 ## - SYSTEM CONTROL NUMBER
System control number EN-119635
037 ## - SOURCE OF ACQUISITION
Source of stock number/acquisition DBAD/PUB
082 ## - DEWEY DECIMAL CLASSIFICATION NUMBER
Classification number 270.194
100 ## - MAIN ENTRY--PERSONAL NAME
Personal name Maududi, Sayyid Abul A'la
245 ## - TITLE STATEMENT
Title Interest/
Statement of responsibility, etc Maulana Syed Abul A'la Maududi
260 ## - PUBLICATION, DISTRIBUTION, ETC. (IMPRINT)
Place of publication, distribution, etc New Delhi
Name of publisher, distributor, etc Markazi Maktaba Islami Publishers
Date of publication, distribution, etc 2013
270 ## - ADDRESS
Address D-307, Dawat Nagar, Abul Fazl Enclave, Jamia Nagar, Okhla
City New Delhi
Postal code 110025
300 ## - PHYSICAL DESCRIPTION
Extent 344p.
Dimensions 22cm(pbk)
942 ## - ADDED ENTRY ELEMENTS (KOHA)
Source of classification or shelving scheme Dewey Decimal Classification
Item type English Books
Classification part 327.7305
Call number suffix MAU
Holdings
Withdrawn status Lost status Not for loan Collection code Home library Current library Date acquired Source of acquisition Cost, normal purchase price Full call number Barcode Copy number Cost, replacement price Koha item type
      Non-fiction Kasturba Gandhi Marg Kasturba Gandhi Marg 02/02/2023 DBAD/PUB 172.00 327.7305 MAU EN-119635 1 172.00 English Books

© Delhi Public Library
Hit Counter
free hit counter